| 000 | 01210cam a2200313 4500 | ||
|---|---|---|---|
| 001 | 13859 | ||
| 003 | BD-RjUL | ||
| 005 | 20211208235526.0 | ||
| 008 | 140202t1967 ctuab b 001 0 eng | ||
| 035 | _a(BD-RjUL)13911 | ||
| 040 |
_aDLC _cDLC _dEQO _dBD-RjUL _beng |
||
| 041 | _aeng | ||
| 082 |
_a560.178 _216 _bINP 1967 |
||
| 110 | 2 |
_aInternational Association for Quaternary Research. _943338 |
|
| 245 | 1 | 0 |
_aPleistocene extinctions : _bthe search for a cause / _cEditors: P. S. Martin and H. E. Wright, Jr. |
| 260 |
_aNew Haven : _bYale University Press, _cc1967. |
||
| 300 |
_ax, 453 p. : _billus., maps. ; _c25 cm. |
||
| 490 | 1 |
_aIts Proceedings of the VII congress ... _vv. 6 |
|
| 500 | _a"[The congress was] sponsored by the National Academy of Sciences-National Research Council." | ||
| 504 | _aIncludes bibliographical reference and index. | ||
| 650 | 0 |
_aPaleontology _yPleistocene. _934512 |
|
| 650 | 0 |
_aExtinction (Biology) _943324 |
|
| 700 | 1 |
_aMartin, Paul S. _q(Paul Schultz), _d1928-2010 _943325 |
|
| 700 | 1 |
_aWright, H. E. _q(Herbert Edgar), _d1917- _943326 |
|
| 710 | 2 |
_aNational Research Council (U.S.) _943327 |
|
| 942 |
_2ddc _cBK |
||
| 999 |
_c13859 _d13859 |
||